| 000 | 01086cam a2200217 4500 | ||
|---|---|---|---|
| 001 | WB3818-19 | ||
| 008 | 020513n2002 000 0 eng u | ||
| 035 | _a(Sirsi) u117940 | ||
| 245 | _aNew internet marketing guidelines | ||
| 260 | _c2002 | ||
| 490 |
_aEstate Agent _vApril/May 2002, 10(1) |
||
| 520 | _aProperty portals and representatives of the estate agency profession have now signed up to the Best Practice Guidelines for Professional Estate Agents and Property Portal Websites launched in October 2001. This has been developed to build the confidence of homeowners and sellers to do business over the internet. RICS and Association of Residential Letting Agents have pledged support for the scheme which was set up by the National Association of Estate Agents. | ||
| 590 | _aWB | ||
| 650 | _aRICS | ||
| 650 | _aASSOCIATION OF RESIDENTIAL LETTING AGENTS | ||
| 650 | _aNATIONAL ASSOCIATION OF ESTATE AGENTS | ||
| 650 | _aESTATE AGENTS | ||
| 650 | _aBEST PRACTICE GUIDELINES FOR PROFESSIONAL ESTATE AGENTS | ||
| 690 | _aINFORMATION TECHNOLOGY-INTERNET | ||
| 942 | _n0 | ||
| 999 |
_c70241 _d70241 |
||